Milenios, planetas y petróleo. /
Guardado en:
| Autor Principal: | |
|---|---|
| Formato: | Libro |
| Idioma: | Undetermined |
| Publicado: |
[S.l] :
[s.n.],
1936.
|
| Materias: | |
| Etiquetas: |
Agregar Etiqueta
Sin Etiquetas, Sea el primero en etiquetar este registro!
|
| LEADER | 00468nam a22001575a 4500 | ||
|---|---|---|---|
| 001 | EHU.bham047521 | ||
| 005 | 20110705102515.0 | ||
| 008 | 110705s1936####xx############000#0#und#d | ||
| 100 | 1 | |a Gil, Martin. | |
| 245 | 0 | 0 | |a Milenios, planetas y petróleo. / |c Martin Gil. |
| 260 | |a [S.l] : |b [s.n.], |c 1936. | ||
| 300 | |a 100 p. | ||
| 653 | |a Petróleo salteño. | ||
| 653 | |a Geología. | ||
| 653 | |a Standard Oil. | ||
| 859 | |a AR-BHAM |b BIB. HUMANIDADES - Donacion Lejarraga |h MFN001740 |p 001740.19 | ||
